ბათუმის შოთა რუსთაველის სახელმწიფო უნივერსიტეტის ბიბლიოთეკა

ვინ გაყიდის ხვალ. ჟურნალ ”სტრატეგია და ორგანიზაციის” საუკეთესო კრებული (ბიბ.ჩანაწერი № 34412)

000 -LEADER
fixed length control field 01204nam a2200217Ia 4500
001 - CONTROL NUMBER
control field 117
003 - CONTROL NUMBER IDENTIFIER
control field GE_BSU
008 - FIXED-LENGTH DATA ELEMENTS--GENERAL INFORMATION
fixed length control field 181216s||||||||xx |||||||||||||| ||und||
020 ## - INTERNATIONAL STANDARD BOOK NUMBER
International Standard Book Number 9789941010873
040 ## - CATALOGING SOURCE
Transcribing agency GE_BSU
080 ## - UNIVERSAL DECIMAL CLASSIFICATION NUMBER
Universal Decimal Classification number UDC339.138
100 ## - MAIN ENTRY--PERSONAL NAME
Personal name ტოლიაშვილი, პაპუნა; ბაიდარაშვილი, გიორგი; ხოსიაშვილი, დავით; და სხვა.
245 ## - TITLE STATEMENT
Title ვინ გაყიდის ხვალ. ჟურნალ ”სტრატეგია და ორგანიზაციის” საუკეთესო კრებული
245 ## - TITLE STATEMENT
Statement of responsibility, etc. ავტ.ჯგუფი:ტოლიაშვილი, პაპუნა; ბაიდარაშვილი, გიორგი; ხოსიაშვილი, დავით; და სხვა.
260 ## - PUBLICATION, DISTRIBUTION, ETC.
Place of publication, distribution, etc. თბილისი
260 ## - PUBLICATION, DISTRIBUTION, ETC.
Name of publisher, distributor, etc. სინერჯის ბიზნეს გამომცემლობა
300 ## - PHYSICAL DESCRIPTION
Extent 180გვ.
653 ## - INDEX TERM--UNCONTROLLED
Uncontrolled term მარკეტინგი, მენეჯმენტი, გაყიდვების ორგანიზაცია
942 ## - ADDED ENTRY ELEMENTS (KOHA)
Koha item type წიგნი
ეგზემპლარები
Withdrawn status Lost status Damaged status Not for loan Date acquired Barcode Date last seen Price effective from Koha item type
        2018-12-17 2096 2018-12-17 2018-12-17 წიგნი
        2018-12-17 2097 2018-12-17 2018-12-17 წიგნი